000 00581nam a2200229Ia 4500
003 OSt
005 20220928120148.0
006 a|||||r|||| 00| 0
007 ta
008 220927b |||||||| |||| 00| 0 eng d
024 _a62069
037 _cTextual
040 _aSDCL
_cSDCL
_beng
041 _2eng
_aeng
082 _aNT45:g, P4
100 _aMalekpour Jamshid
_9447825
245 0 _aIslamic drama
260 _aLondon
_bFrank Cass
_c2004
300 _axii,187p
_ccm.
942 _hNT45:g, P4
_cTEXL
_2CC
999 _c762461
_d762461